[Event "II Open Internacional Blitz Quart de Pob"]
[Site "Quart de Poblet, Spain"]
[Date "2019.08.10"]
[Round "5.9"]
[White "Redondo Flores, David"]
[Black "Perez Travieso, Saul"]
[Result "1-0"]
[WhiteElo "2009"]
[BlackElo "1164"]
[PlyCount "61"]
[EventDate "2019.??.??"]

1. e4 {[%clk 00:07:05]  [%emt 00:00:01]} 1... c6 {
[%clk 00:07:04]  [%emt 00:00:03]} 2. d4 {[%clk 00:07:07]} 2... d5 {
[%clk 00:07:06]  [%emt 00:00:01]} 3. f3 {[%clk 00:07:08]  [%emt 00:00:01]} 3...
e6 {[%clk 00:06:09]  [%emt 00:01:00]} 4. Nc3 {[%clk 00:07:10]  [%emt 00:00:02]}
4... Nf6 {[%clk 00:06:04]  [%emt 00:00:07]} 5. Bg5 {
[%clk 00:07:11]  [%emt 00:00:02]} 5... Be7 {[%clk 00:06:05]  [%emt 00:00:03]}
6. e5 {[%clk 00:07:13]} 6... Nfd7 {[%clk 00:06:06]  [%emt 00:00:02]} 7. Bxe7 {
[%clk 00:07:15]  [%emt 00:00:01]} 7... Qxe7 {[%emt 00:00:03]} 8. f4 {
[%clk 00:07:16]} 8... c5 {[%clk 00:06:03]  [%emt 00:00:08]} 9. Nb5 {
[%clk 00:07:16]  [%emt 00:00:03]} 9... O-O {[%clk 00:05:59]  [%emt 00:00:08]}
10. Nc7 {[%clk 00:07:09]  [%emt 00:00:10]} 10... cxd4 {
[%clk 00:05:52]  [%emt 00:00:09]} 11. Nxa8 {[%clk 00:07:07]  [%emt 00:00:06]}
11... Qb4+ {[%clk 00:05:30]  [%emt 00:00:24]} 12. Qd2 {
[%clk 00:06:57]  [%emt 00:00:15]} 12... Qxb2 {[%clk 00:05:30]  [%emt 00:00:02]}
13. Rd1 {[%clk 00:06:58]  [%emt 00:00:01]} 13... Na6 {
[%clk 00:05:06]  [%emt 00:00:27]} 14. Bd3 {[%clk 00:06:26]  [%emt 00:00:36]}
14... Ndc5 {[%clk 00:04:56]  [%emt 00:00:13]} 15. Nf3 {
[%clk 00:06:20]  [%emt 00:00:09]} 15... Ne4 {[%clk 00:04:25]  [%emt 00:00:34]}
16. Bxe4 {[%clk 00:06:11]  [%emt 00:00:12]} 16... dxe4 {
[%clk 00:04:27]  [%emt 00:00:02]} 17. Nxd4 {[%clk 00:06:06]  [%emt 00:00:08]}
17... Bd7 {[%clk 00:04:03]  [%emt 00:00:27]} 18. c3 {
[%clk 00:05:44]  [%emt 00:00:25]} 18... Qxd2+ {[%clk 00:03:52]  [%emt 00:00:14]
} 19. Kxd2 {[%clk 00:05:24]  [%emt 00:00:22]} 19... Rxa8 {
[%clk 00:03:52]  [%emt 00:00:03]} 20. Ke3 {[%clk 00:05:18]  [%emt 00:00:09]}
20... Nc5 {[%clk 00:03:53]  [%emt 00:00:02]} 21. Nb3 {
[%clk 00:05:17]  [%emt 00:00:04]} 21... Nd3 {[%clk 00:03:41]  [%emt 00:00:15]}
22. Rhf1 {[%clk 00:05:03]  [%emt 00:00:16]} 22... Bc6 {
[%clk 00:03:42]  [%emt 00:00:02]} 23. Nd2 {[%clk 00:04:21]  [%emt 00:00:45]}
23... Nc5 {[%clk 00:03:38]  [%emt 00:00:08]} 24. Nc4 {
[%clk 00:04:15]  [%emt 00:00:10]} 24... f5 {[%clk 00:03:25]  [%emt 00:00:15]}
25. exf6 {[%clk 00:03:59]  [%emt 00:00:19]} 25... gxf6 {
[%clk 00:03:26]  [%emt 00:00:02]} 26. f5 {[%clk 00:03:54]  [%emt 00:00:07]}
26... e5 {[%clk 00:03:07]  [%emt 00:00:23]} 27. Na5 {
[%clk 00:03:53]  [%emt 00:00:04]} 27... Bb5 {[%clk 00:03:00]  [%emt 00:00:09]}
28. c4 {[%clk 00:03:53]  [%emt 00:00:03]} 28... Ba4 {
[%clk 00:02:11]  [%emt 00:00:50]} 29. Rd6 {[%clk 00:03:39]  [%emt 00:00:18]}
29... Kf7 {[%clk 00:01:49]  [%emt 00:00:26]} 30. Nb3 {
[%clk 00:03:35]  [%emt 00:00:07]} 30... Ke7 {[%clk 00:01:25]  [%emt 00:00:26]}
31. Nxc5 {[%emt 00:00:12]} 1-0

[Event "II Open Internacional Blitz Quart de Pob"]
[Site "Quart de Poblet, Spain"]
[Date "2019.08.10"]
[Round "6.1"]
[White "Kovacevic, Slobodan"]
[Black "Granero Roca, Antonio"]
[Result "1-0"]
[WhiteElo "2395"]
[BlackElo "2393"]
[PlyCount "121"]
[EventDate "2019.??.??"]

1. d4 {[%clk 00:07:05]  [%emt 00:00:05]} 1... Nf6 {[%clk 00:07:05]} 2. Nf3 {
[%clk 00:07:06]} 2... e6 {[%clk 00:07:07]  [%emt 00:00:04]} 3. Bf4 {
[%clk 00:07:08]} 3... c5 {[%clk 00:07:09]  [%emt 00:00:05]} 4. e3 {
[%clk 00:07:10]} 4... Qb6 {[%clk 00:07:10]} 5. Qc1 {[%clk 00:07:12]} 5... Nc6 {
[%clk 00:07:10]  [%emt 00:00:04]} 6. c3 {[%clk 00:07:14]} 6... d5 {
[%clk 00:07:09]  [%emt 00:00:04]} 7. Nbd2 {[%clk 00:07:13]  [%emt 00:00:04]}
7... Nh5 {[%clk 00:07:08]  [%emt 00:00:04]} 8. Bg3 {
[%clk 00:07:13]  [%emt 00:00:04]} 8... Nxg3 {[%clk 00:07:04]  [%emt 00:00:05]}
9. hxg3 {[%clk 00:07:15]} 9... Bd7 {[%clk 00:07:05]  [%emt 00:00:05]} 10. Be2 {
[%clk 00:07:04]  [%emt 00:00:10]} 10... Be7 {[%clk 00:07:03]  [%emt 00:00:05]}
11. Qb1 {[%clk 00:07:05]  [%emt 00:00:10]} 11... h6 {[%clk 00:07:00]} 12. g4 {
[%clk 00:07:06]  [%emt 00:00:08]} 12... O-O-O {[%clk 00:06:54]  [%emt 00:00:04]
} 13. Qc2 {[%clk 00:07:04]  [%emt 00:00:04]} 13... Kb8 {
[%clk 00:06:54]  [%emt 00:00:06]} 14. Nb3 {[%clk 00:06:46]  [%emt 00:00:17]}
14... Rc8 {[%clk 00:06:51]  [%emt 00:00:07]} 15. dxc5 {
[%clk 00:05:50]  [%emt 00:00:58]} 15... Bxc5 {[%clk 00:06:51]  [%emt 00:00:06]}
16. Nxc5 {[%clk 00:05:52]} 16... Qxc5 {[%clk 00:06:53]  [%emt 00:00:05]} 17.
O-O-O {[%clk 00:05:41]  [%emt 00:00:09]} 17... e5 {
[%clk 00:06:41]  [%emt 00:00:13]} 18. g5 {[%clk 00:05:32]  [%emt 00:00:14]}
18... e4 {[%clk 00:06:33]  [%emt 00:00:11]} 19. Nd2 {
[%clk 00:05:24]  [%emt 00:00:10]} 19... hxg5 {[%clk 00:05:55]  [%emt 00:00:41]}
20. Rxh8 {[%clk 00:05:24]  [%emt 00:00:07]} 20... Rxh8 {[%clk 00:05:57]} 21.
Nxe4 {[%clk 00:05:25]  [%emt 00:00:04]} 21... dxe4 {
[%clk 00:05:50]  [%emt 00:00:05]} 22. Rxd7 {[%clk 00:05:24]  [%emt 00:00:05]}
22... Qf5 {[%clk 00:05:45]  [%emt 00:00:06]} 23. Qd2 {
[%clk 00:05:22]  [%emt 00:00:05]} 23... Kc8 {[%clk 00:05:12]  [%emt 00:00:37]}
24. Rd6 {[%clk 00:05:15]  [%emt 00:00:11]} 24... Rd8 {
[%clk 00:04:41]  [%emt 00:00:35]} 25. Rxd8+ Nxd8 {[%clk 00:04:43]} 26. Qd6 {
[%clk 00:03:44]  [%emt 00:01:15]} 26... Qxf2 {[%clk 00:04:08]  [%emt 00:00:33]}
27. Bg4+ {[%clk 00:03:46]} 27... f5 {[%clk 00:04:10]  [%emt 00:00:05]} 28. Qc5+
{[%clk 00:03:48]} 28... Nc6 {[%clk 00:03:40]  [%emt 00:00:33]} 29. Bxf5+ {
[%clk 00:03:48]  [%emt 00:00:05]} 29... Kb8 {[%clk 00:03:21]  [%emt 00:00:18]}
30. Bxe4 {[%clk 00:03:33]  [%emt 00:00:18]} 30... Qe1+ {
[%clk 00:02:58]  [%emt 00:00:25]} 31. Kc2 {[%clk 00:03:31]  [%emt 00:00:06]}
31... Qe2+ {[%clk 00:02:48]  [%emt 00:00:12]} 32. Kb3 {
[%clk 00:03:32]  [%emt 00:00:06]} 32... Qd1+ {[%clk 00:02:20]  [%emt 00:00:37]}
33. Ka3 {[%clk 00:03:27]} 33... Nd8 {[%clk 00:02:05]  [%emt 00:00:17]} 34. Qe5+
{[%clk 00:03:13]  [%emt 00:00:17]} 34... Ka8 {[%clk 00:01:56]  [%emt 00:00:11]}
35. Bd5 {[%clk 00:02:59]  [%emt 00:00:18]} 35... Qd3 {
[%clk 00:01:42]  [%emt 00:00:16]} 36. Qd6 {[%clk 00:02:50]  [%emt 00:00:13]}
36... Nc6 {[%clk 00:01:28]  [%emt 00:00:17]} 37. Qf8+ {
[%clk 00:02:18]  [%emt 00:00:38]} 37... Nb8 {[%clk 00:01:31]} 38. Qc5 {
[%clk 00:02:05]  [%emt 00:00:13]} 38... Qa6+ {[%clk 00:01:20]  [%emt 00:00:14]}
39. Kb3 {[%clk 00:02:07]} 39... Nd7 {[%clk 00:01:05]  [%emt 00:00:19]} 40. Qc8+
{[%clk 00:01:45]  [%emt 00:00:28]} 40... Nb8 {[%clk 00:01:06]} 41. Qc5 {
[%clk 00:01:25]  [%emt 00:00:22]} 41... Nd7 {[%clk 00:01:08]  [%emt 00:00:12]}
42. Qc4 {[%clk 00:01:09]  [%emt 00:00:07]} 42... Qb6+ {
[%clk 00:00:58]  [%emt 00:00:17]} 43. Kc2 {[%clk 00:01:11]} 43... a6 {
[%clk 00:00:51]  [%emt 00:00:10]} 44. Qd4 {[%clk 00:01:08]  [%emt 00:00:05]}
44... Qg6+ {[%clk 00:00:38]  [%emt 00:00:18]} 45. Be4 {
[%clk 00:00:59]  [%emt 00:00:08]} 45... Qf7 {[%clk 00:00:37]  [%emt 00:00:07]}
46. Qd6 {[%clk 00:00:54]  [%emt 00:00:13]} 46... Nb8 {
[%clk 00:00:24]  [%emt 00:00:08]} 47. Qd5 {[%clk 00:00:56]} 47... Qe7 {
[%clk 00:00:25]  [%emt 00:00:05]} 48. g4 {[%clk 00:00:54]  [%emt 00:00:05]}
48... Nc6 {[%clk 00:00:27]  [%emt 00:00:05]} 49. a3 {[%clk 00:00:56]} 49... Ka7
{[%clk 00:00:29]} 50. b4 {[%clk 00:00:57]} 50... Ne5 {
[%clk 00:00:29]  [%emt 00:00:04]} 51. Bf5 {[%clk 00:00:52]  [%emt 00:00:08]}
51... g6 {[%clk 00:00:30]  [%emt 00:00:05]} 52. Be6 {[%clk 00:00:52]} 52... Nc6
{[%clk 00:00:32]} 53. Qc5+ {[%clk 00:00:50]  [%emt 00:00:09]} 53... Qxc5 {
[%clk 00:00:32]  [%emt 00:00:05]} 54. bxc5 {[%clk 00:00:52]} 54... Kb8 {
[%clk 00:00:32]} 55. Kd3 {[%clk 00:00:50]  [%emt 00:00:07]} 55... Kc7 {
[%clk 00:00:35]} 56. Ke4 {[%clk 00:00:52]} 56... Nd8 {[%emt 00:00:05]} 57. Bd5
{[%clk 00:00:50]} 57... b6 {[%clk 00:00:34]  [%emt 00:00:07]} 58. cxb6+ {
[%clk 00:00:51]} 58... Kxb6 {[%clk 00:00:36]} 59. Ke5 {
[%clk 00:00:53]  [%emt 00:00:05]} 59... Kc5 {[%clk 00:00:38]} 60. e4 {
[%clk 00:00:53]} 60... a5 {[%clk 00:00:40]} 61. Kf6 {
[%clk 00:00:54]  [%emt 00:00:05]} 1-0

[Event "II Open Internacional Blitz Quart de Pob"]
[Site "Quart de Poblet, Spain"]
[Date "2019.08.10"]
[Round "6.2"]
[White "Buenafe Moya, Javier"]
[Black "Castella Garcia, Fausto"]
[Result "1-0"]
[WhiteElo "2117"]
[BlackElo "2279"]
[PlyCount "87"]
[EventDate "2019.??.??"]

1. c4 {[%clk 00:07:03]} 1... c5 {[%clk 00:07:02]} 2. Nc3 {[%clk 00:07:01]} 2...
g6 {[%clk 00:07:04]} 3. g3 {[%clk 00:07:02]} 3... Bg7 {[%clk 00:07:06]} 4. Bg2
{[%clk 00:07:03]  [%emt 00:00:04]} 4... Nc6 {[%clk 00:07:07]} 5. d3 {
[%clk 00:07:02]} 5... Nf6 {[%clk 00:07:08]  [%emt 00:00:03]} 6. e3 {
[%clk 00:07:01]  [%emt 00:00:03]} 6... O-O {[%clk 00:07:09]  [%emt 00:00:03]}
7. Nge2 {[%clk 00:07:02]} 7... d6 {[%clk 00:06:51]  [%emt 00:00:19]} 8. O-O {
[%clk 00:06:54]  [%emt 00:00:39]} 8... Bd7 {[%clk 00:06:52]} 9. Rb1 {
[%clk 00:06:54]} 9... Rb8 {[%clk 00:05:46]  [%emt 00:01:00]} 10. b3 {
[%clk 00:06:37]  [%emt 00:00:09]} 10... a6 {[%clk 00:05:46]  [%emt 00:00:03]}
11. Bb2 {[%clk 00:06:29]  [%emt 00:00:12]} 11... b5 {
[%clk 00:05:44]  [%emt 00:00:05]} 12. Ba1 {[%clk 00:05:59]  [%emt 00:00:30]}
12... b4 {[%clk 00:05:14]  [%emt 00:00:33]} 13. Nd5 {
[%clk 00:05:50]  [%emt 00:00:12]} 13... Nxd5 {[%clk 00:05:14]  [%emt 00:00:18]}
14. cxd5 {[%clk 00:05:50]} 14... Ne5 {[%clk 00:04:56]  [%emt 00:00:28]} 15. d4
{[%clk 00:05:49]} 15... Ng4 {[%clk 00:04:29]  [%emt 00:00:14]} 16. dxc5 {
[%clk 00:05:25]  [%emt 00:00:28]} 16... dxc5 {[%clk 00:04:30]  [%emt 00:00:05]}
17. Bxg7 {[%clk 00:05:26]} 17... Kxg7 {[%clk 00:04:32]  [%emt 00:00:04]} 18.
Rc1 {[%clk 00:05:28]} 18... Qb6 {[%clk 00:04:08]  [%emt 00:00:23]} 19. Qc2 {
[%clk 00:03:47]  [%emt 00:02:16]} 19... Rbc8 {[%clk 00:03:55]} 20. h3 {
[%clk 00:03:46]  [%emt 00:00:07]} 20... Nf6 {[%clk 00:03:55]} 21. Rfd1 {
[%clk 00:03:47]} 21... Rfd8 {[%clk 00:03:46]} 22. e4 {
[%clk 00:03:46]  [%emt 00:00:10]} 22... e5 {[%clk 00:03:34]  [%emt 00:00:08]}
23. dxe6 {[%clk 00:02:20]  [%emt 00:01:29]} 23... Bxe6 {
[%clk 00:03:15]  [%emt 00:00:24]} 24. Rxd8 {[%clk 00:02:16]  [%emt 00:00:11]}
24... Rxd8 {[%clk 00:03:11]  [%emt 00:00:04]} 25. Nf4 {
[%clk 00:01:52]  [%emt 00:00:24]} 25... Nd7 {[%clk 00:02:27]  [%emt 00:00:47]}
26. Nd5 {[%clk 00:01:32]  [%emt 00:00:59]} 26... Bxd5 {[%clk 00:02:27]} 27.
exd5 {[%clk 00:01:34]} 27... Re8 {[%clk 00:02:02]  [%emt 00:00:15]} 28. h4 {
[%clk 00:01:15]  [%emt 00:00:12]} 28... Qd6 {[%clk 00:01:43]  [%emt 00:00:14]}
29. Qc4 {[%clk 00:01:06]  [%emt 00:00:18]} 29... h5 {
[%clk 00:01:20]  [%emt 00:00:20]} 30. Bf1 {[%clk 00:00:56]  [%emt 00:00:39]}
30... a5 {[%clk 00:01:11]  [%emt 00:00:04]} 31. Bh3 {[%clk 00:00:51]} 31... f5
{[%clk 00:01:09]  [%emt 00:00:04]} 32. Bg2 {[%clk 00:00:46]  [%emt 00:00:04]}
32... Re5 {[%clk 00:00:54]  [%emt 00:00:13]} 33. Qb5 {
[%clk 00:00:45]  [%emt 00:00:41]} 33... f4 {[%clk 00:00:49]} 34. Qc6 {
[%clk 00:00:41]  [%emt 00:00:04]} 34... Qe7 {[%clk 00:00:45]} 35. d6 {
[%clk 00:00:37]} 35... Qe6 {[%clk 00:00:41]  [%emt 00:00:04]} 36. gxf4 {
[%clk 00:00:12]  [%emt 00:00:18]} 36... Re1+ {[%clk 00:00:43]  [%emt 00:00:41]}
37. Rxe1 {[%clk 00:00:14]} 37... Qxe1+ {[%clk 00:00:45]} 38. Kh2 {
[%clk 00:00:15]} 38... Nf6 {[%clk 00:00:47]} 39. Qc7+ {
[%clk 00:00:07]  [%emt 00:00:03]} 39... Kh6 {[%clk 00:00:46]} 40. Qxc5 {
[%clk 00:00:09]} 40... Ng4+ {[%clk 00:00:26]  [%emt 00:00:03]} 41. Kg3 {
[%clk 00:00:11]  [%emt 00:00:04]} 41... Qd2 {[%clk 00:00:18]  [%emt 00:00:06]}
42. Bf3 {[%clk 00:00:07]  [%emt 00:00:11]} 42... Nf6 {
[%clk 00:00:17]  [%emt 00:00:04]} 43. Qe5 {[%clk 00:00:05]  [%emt 00:00:03]}
43... Ng4 {[%clk 00:00:08]  [%emt 00:00:23]} 44. Qh8# 1-0

[Event "II Open Internacional Blitz Quart de Pob"]
[Site "Quart de Poblet, Spain"]
[Date "2019.08.10"]
[Round "6.3"]
[White "Toledano Llinares, Juan A"]
[Black "Nieto Tornero, Jose"]
[Result "1-0"]
[WhiteElo "2249"]
[BlackElo "1932"]
[PlyCount "63"]
[EventDate "2019.??.??"]

1. f4 {[%clk 00:07:03]} 1... f5 {[%clk 00:06:49]  [%emt 00:00:12]} 2. e4 {
[%clk 00:06:57]  [%emt 00:00:17]} 2... e5 {[%clk 00:06:15]  [%emt 00:00:32]} 3.
exf5 {[%clk 00:06:39]  [%emt 00:00:20]} 3... exf4 {
[%clk 00:06:09]  [%emt 00:00:13]} 4. Qh5+ {[%clk 00:06:38]  [%emt 00:00:04]}
4... Ke7 {[%emt 00:00:28]} 5. Nc3 {[%clk 00:05:52]  [%emt 00:00:44]} 5... d5 {
[%clk 00:03:46]  [%emt 00:02:02]} 6. Qh4+ {[%clk 00:05:17]  [%emt 00:00:36]}
6... Nf6 {[%clk 00:03:12]  [%emt 00:00:41]} 7. Qxf4 {[%clk 00:05:18]} 7... Kf7
{[%clk 00:03:01]  [%emt 00:00:40]} 8. Nf3 {[%clk 00:05:19]} 8... Bd6 9. Ng5+ {
[%clk 00:05:08]} 9... Kg8 {[%clk 00:02:48]  [%emt 00:00:14]} 10. Qf3 {
[%clk 00:04:34]  [%emt 00:00:31]} 10... c6 {[%emt 00:01:06]} 11. d4 {
[%clk 00:03:45]  [%emt 00:00:42]} 11... h6 {[%clk 00:01:32]  [%emt 00:00:27]}
12. Ne6 {[%clk 00:03:26]  [%emt 00:00:25]} 12... Qe8 {
[%clk 00:01:22]  [%emt 00:00:15]} 13. Be3 {[%clk 00:02:46]  [%emt 00:00:36]}
13... Bxe6 {[%clk 00:01:20]  [%emt 00:00:37]} 14. fxe6 {[%clk 00:02:47]} 14...
Qxe6 {[%clk 00:01:20]} 15. O-O-O {[%clk 00:02:48]} 15... Qg4 {
[%clk 00:01:13]  [%emt 00:00:03]} 16. Qf2 {[%clk 00:02:38]} 16... Qe6 {
[%clk 00:00:59]  [%emt 00:00:12]} 17. Re1 {[%clk 00:02:31]  [%emt 00:00:13]}
17... Ne4 {[%clk 00:00:38]  [%emt 00:00:21]} 18. Nxe4 {
[%clk 00:02:26]  [%emt 00:00:27]} 18... dxe4 {[%clk 00:00:40]} 19. Kb1 {
[%clk 00:02:21]} 19... Nd7 {[%clk 00:00:40]  [%emt 00:00:11]} 20. Be2 {
[%clk 00:02:14]} 20... Nf6 {[%clk 00:00:42]} 21. g4 {
[%clk 00:02:04]  [%emt 00:00:08]} 21... Nxg4 {[%clk 00:00:40]  [%emt 00:00:12]}
22. Bxg4 {[%clk 00:02:05]} 22... Qxg4 {[%clk 00:00:42]} 23. Rhg1 {
[%clk 00:02:05]} 23... Qe6 {[%clk 00:00:45]} 24. Qg2 {
[%clk 00:01:58]  [%emt 00:00:07]} 24... Rh7 {[%clk 00:00:39]  [%emt 00:00:08]}
25. Bd2 {[%clk 00:01:53]  [%emt 00:00:14]} 25... Re8 {[%clk 00:00:40]} 26. Bc3
{[%clk 00:01:31]  [%emt 00:00:22]} 26... g5 {[%clk 00:00:41]  [%emt 00:00:10]}
27. h4 {[%clk 00:01:25]  [%emt 00:00:03]} 27... Bf4 {
[%clk 00:00:40]  [%emt 00:00:04]} 28. hxg5 {[%clk 00:01:25]  [%emt 00:00:06]}
28... hxg5 {[%clk 00:00:42]} 29. Rgf1 {[%clk 00:01:17]  [%emt 00:00:13]} 29...
Rh2 {[%clk 00:00:26]  [%emt 00:00:38]} 30. Qg1 {
[%clk 00:01:14]  [%emt 00:00:16]} 30... Rh4 {[%clk 00:00:23]} 31. Rxf4 {
[%clk 00:01:05]} 31... Rxf4 {[%clk 00:00:22]} 32. Qxg5+ {[%emt 00:00:14]} 1-0

[Event "II Open Internacional Blitz Quart de Pob"]
[Site "Quart de Poblet, Spain"]
[Date "2019.08.10"]
[Round "6.4"]
[White "Plaskett, H James"]
[Black "Deruelle Sala, Albert"]
[Result "1-0"]
[WhiteElo "2474"]
[BlackElo "2105"]
[PlyCount "107"]
[EventDate "2019.??.??"]

1. d4 {[%clk 00:07:05]  [%emt 00:00:07]} 1... f5 {[%clk 00:07:06]} 2. g3 {
[%clk 00:07:00]  [%emt 00:00:04]} 2... Nf6 {[%clk 00:07:08]} 3. Bg2 {
[%clk 00:07:02]  [%emt 00:00:14]} 3... d6 {[%clk 00:07:10]} 4. Nf3 {
[%clk 00:07:00]  [%emt 00:00:12]} 4... g6 {[%clk 00:07:12]} 5. c4 {
[%clk 00:07:02]} 5... Bg7 {[%clk 00:07:14]} 6. O-O {[%clk 00:07:02]} 6... O-O {
[%clk 00:07:15]} 7. Nc3 {[%clk 00:07:03]} 7... Qe8 {[%clk 00:07:17]} 8. d5 {
[%clk 00:06:56]  [%emt 00:00:04]} 8... Na6 {[%clk 00:07:19]} 9. Nd4 {
[%clk 00:06:52]  [%emt 00:00:05]} 9... Bd7 {[%clk 00:07:21]  [%emt 00:00:07]}
10. Rb1 {[%clk 00:06:49]  [%emt 00:00:11]} 10... c5 {[%clk 00:07:23]} 11. dxc6
{[%clk 00:06:15]  [%emt 00:00:25]} 11... bxc6 {[%clk 00:07:19]  [%emt 00:00:09]
} 12. b4 {[%clk 00:06:00]  [%emt 00:00:20]} 12... Nxb4 {
[%clk 00:06:00]  [%emt 00:01:18]} 13. Rxb4 {[%clk 00:06:01]  [%emt 00:00:06]}
13... c5 {[%clk 00:06:02]} 14. Rb3 {[%clk 00:05:56]  [%emt 00:00:11]} 14...
cxd4 {[%clk 00:06:02]  [%emt 00:00:07]} 15. Qxd4 {[%clk 00:05:55]} 15... Ne4 {
[%clk 00:05:50]  [%emt 00:00:09]} 16. Qd5+ {[%clk 00:05:17]  [%emt 00:00:42]}
16... e6 {[%clk 00:05:52]  [%emt 00:00:25]} 17. Qd3 {[%clk 00:05:19]} 17...
Nxc3 {[%clk 00:03:52]  [%emt 00:01:40]} 18. Rxc3 {
[%clk 00:05:08]  [%emt 00:00:20]} 18... Bc6 {[%clk 00:03:45]  [%emt 00:00:22]}
19. Bxc6 {[%clk 00:04:41]  [%emt 00:00:11]} 19... Qxc6 {
[%clk 00:03:47]  [%emt 00:00:09]} 20. Rc2 {[%clk 00:04:43]} 20... Rab8 {
[%clk 00:03:43]  [%emt 00:00:03]} 21. Ba3 {[%clk 00:04:21]  [%emt 00:00:23]}
21... Rfd8 {[%clk 00:03:46]} 22. Rd1 {[%clk 00:04:12]  [%emt 00:00:15]} 22...
Bf8 {[%clk 00:03:23]  [%emt 00:00:23]} 23. Qe3 {
[%clk 00:04:00]  [%emt 00:00:18]} 23... Qd7 {[%clk 00:03:08]  [%emt 00:00:15]}
24. Rcd2 {[%clk 00:03:51]  [%emt 00:00:38]} 24... Rb6 {
[%clk 00:01:30]  [%emt 00:01:14]} 25. c5 {[%clk 00:03:37]  [%emt 00:00:17]}
25... Ra6 {[%clk 00:01:18]  [%emt 00:00:31]} 26. cxd6 {
[%clk 00:03:36]  [%emt 00:00:07]} 26... Kf7 {[%clk 00:01:17]} 27. Bb2 {
[%clk 00:03:16]  [%emt 00:00:11]} 27... Rxd6 {[%clk 00:01:03]  [%emt 00:00:38]}
28. Rxd6 {[%clk 00:03:09]  [%emt 00:00:11]} 28... Bxd6 {[%clk 00:01:05]} 29.
Be5 {[%clk 00:02:46]  [%emt 00:00:06]} 29... Qc7 {
[%clk 00:00:39]  [%emt 00:00:29]} 30. Bxd6 {[%clk 00:02:30]  [%emt 00:00:16]}
30... Rxd6 {[%clk 00:00:41]} 31. Rxd6 {[%clk 00:02:32]  [%emt 00:00:11]} 31...
Qxd6 {[%clk 00:00:43]} 32. Qxa7+ {[%clk 00:02:32]} 32... Kf6 {
[%clk 00:00:46]  [%emt 00:00:03]} 33. f3 {[%clk 00:02:28]} 33... Qd1+ {
[%clk 00:00:39]  [%emt 00:00:10]} 34. Kf2 {[%clk 00:02:30]} 34... Qh1 {
[%clk 00:00:41]  [%emt 00:00:11]} 35. Qd4+ {[%clk 00:02:29]  [%emt 00:00:08]}
35... Kf7 {[%clk 00:00:43]} 36. Qh4 {[%clk 00:02:23]} 36... h5 {[%clk 00:00:46]
} 37. a4 {[%clk 00:02:20]  [%emt 00:00:05]} 37... Qa1 {
[%clk 00:00:47]  [%emt 00:00:07]} 38. Qf4 {[%clk 00:02:10]  [%emt 00:00:08]}
38... Qc3 {[%clk 00:00:35]  [%emt 00:00:11]} 39. h4 {
[%clk 00:02:04]  [%emt 00:00:11]} 39... e5 {[%clk 00:00:37]} 40. Qe3 {
[%clk 00:02:04]  [%emt 00:00:04]} 40... Qc7 {[%clk 00:00:37]  [%emt 00:00:04]}
41. Kg2 {[%clk 00:01:54]  [%emt 00:00:16]} 41... Qa5 {[%clk 00:00:37]} 42. Qb3+
{[%clk 00:01:53]  [%emt 00:00:03]} 42... Kf6 {[%clk 00:00:37]  [%emt 00:00:04]}
43. Qb5 {[%clk 00:01:53]  [%emt 00:00:22]} 43... Qd2 {[%clk 00:00:31]} 44. a5 {
[%clk 00:01:54]} 44... e4 {[%clk 00:00:34]} 45. fxe4 {[%clk 00:01:52]} 45...
fxe4 {[%clk 00:00:36]  [%emt 00:00:04]} 46. a6 {[%clk 00:01:52]} 46... Qe1 {
[%clk 00:00:28]  [%emt 00:00:05]} 47. Qc6+ {[%clk 00:01:46]  [%emt 00:00:36]}
47... Kf5 {[%clk 00:00:29]} 48. Qd5+ {[%clk 00:01:47]} 48... Kf6 {
[%clk 00:00:28]} 49. Qxe4 {[%clk 00:01:48]} 49... Qa5 {[%clk 00:00:28]} 50. Qb7
{[%clk 00:01:41]  [%emt 00:00:20]} 50... Qa2 {[%clk 00:00:28]} 51. Kf2 {
[%clk 00:01:32]  [%emt 00:00:03]} 51... Qa5 {[%clk 00:00:18]  [%emt 00:00:04]}
52. a7 {[%clk 00:01:31]  [%emt 00:00:08]} 52... Qc5+ {[%clk 00:00:20]} 53. Kg2
{[%clk 00:01:32]} 53... Qe3 {[%clk 00:00:21]} 54. Qf3+ {
[%clk 00:01:33]  [%emt 00:00:11]} 1-0